000 00647nam a22002297a 4500
999 _c8457
_d8457
003 AR-CdUCM
008 190325b ||||| |||| 00| 0 spa d
040 _aMUNICIPALIDAD PROVINCIAL DEL CUSCO
_cBIBLIOTECA MUNICIPAL DEL CUSCO
082 _a869.5684 /
_bV32
100 _aVargas Llosa, Mario
_9483
245 _aLa Ciudad y los Perros /
260 _aLima :
_bPopulibros Peruanos,
_bGrafica Panamericana,
300 _a339 paginas ;
_c18 cm.
500 _aLiteratura
505 _aObra Literaria
650 _aObra
_91250
650 _aLiteraria
_9834
650 _aPeru
_9429
650 _aXX
_923724
942 _2ddc
_cLIBROS
945 _apjha